000 00607nam a22002417a 4500
003 UA-OsUOA
001 27921
007 ta
008 20040916b un ||||| |||| 00| 0 ukr d
100 _aНачинская С.В.
090 _a796.01
_bН36
942 _cBK
040 _aUA-OsUOA
_brus
_cUA-OsUOA
_dUA-OsUOA
245 _aМатематическая статистика в спорте
300 _a136 с.
_bІлюстрації
955 _a0
041 _arus
080 _a796.01
260 _aКиев
_bЗдоров'я
_c1978
044 _aRU
650 7 _2UDC
999 _c314273
_d314273